Managing Business Processes BPR and Beyond

Gespeichert in:
Bibliographische Detailangaben
1. Verfasser: Armistead, Colin
Weitere Verfasser: Rowland, Philip
Format: Buch
Sprache:Englisch
Veröffentlicht: Chichester John Wiley and Sons 1996
Ausgabe:1. ed.
Schlagworte:
Tags: Tag hinzufügen
Keine Tags, Fügen Sie das erste Tag hinzu!

MARC

LEADER 00000nam a2200000 4500
001 c021727
005 20221214071323.6
020 |a 0-471-95490-X 
041 0 |a eng 
044 |a GB 
245 1 0 |a Managing Business Processes  |b BPR and Beyond  |c Colin Armistead, Philip Rowland 
250 |a 1. ed. 
264 1 |a Chichester  |b John Wiley and Sons  |c 1996 
300 |a 362 s. 
610 2 0 |a manažment 
610 2 0 |a manažment strategický 
610 2 0 |a riadenie operatívne 
610 2 0 |a riadenie zmien 
610 2 0 |a stratégia podniková 
610 2 0 |a organizácie 
610 2 0 |a firmy 
610 2 0 |a projekty 
610 2 0 |a obchod 
610 2 0 |a výkony podnikové 
100 1 |a Armistead, Colin 
700 1 |a Rowland, Philip